[Event "Foz do Iguacu op 6th"]
[Site "Foz do Iguacu"]
[Date "2016.05.29"]
[Round "6"]
[White "Farhat, Hassan Abdallah"]
[Black "De Souza, Hudson Willamy Nune"]
[Result "0-1"]
[WhiteElo "1601"]
[BlackElo "1837"]
[PlyCount "38"]
[EventDate "2016.05.27"]
[EventType "swiss"]
[EventRounds "6"]
[EventCountry "BRA"]
[SourceTitle "CBM 172 Extra"]
[Source "ChessBase"]
[SourceDate "2016.06.21"]
[SourceVersion "1"]
[SourceVersionDate "2016.06.21"]
[SourceQuality "1"]

1. d4 d5 2. c4 Nf6 3. Nc3 e6 4. Nf3 c6 5. Bg5 dxc4 6. e3 Bb4 7. Bxc4 Qa5 8. Qd2 Ne4 9. Qd3 Nxg5 10. Nxg5 Qxg5 11. g3 Nd7 12. 0-0 Bxc3 13. bxc3 0-0 14. Bb3 Nf6 15. Bc2 Qh5 16. e4 Qh3 17. e5 Ng4 18. Rfd1 Qxh2+ 19. Kf1 Qxf2# 0-1

[Event "Foz do Iguacu op 3rd"]
[Site "Foz do Iguacu"]
[Date "2015.12.13"]
[Round "5"]
[White "Farhat, Hassan Abdallah"]
[Black "Farhat, Ali Abdallah"]
[Result "0-1"]
[WhiteElo "1633"]
[BlackElo "1724"]
[PlyCount "78"]
[EventDate "2015.12.11"]
[EventType "swiss"]
[EventRounds "6"]
[EventCountry "BRA"]
[SourceTitle "EXT 2017"]
[Source "ChessBase"]
[SourceDate "2016.10.25"]
[SourceVersion "1"]
[SourceVersionDate "2016.10.25"]
[SourceQuality "1"]

1. e4 c5 2. Nf3 Nc6 3. Bb5 d6 4. Bxc6+ bxc6 5. 0-0 e6 6. d3 d5 7. Bg5 f6 8. Be3 d4 9. Bd2 e5 10. c3 Bd6 11. Ne1 Be6 12. Qa4 Qc7 13. c4 Ne7 14. Ba5 Qb7 15. Qa3 0-0 16. Nd2 Bg4 17. f3 Bd7 18. Rc1 Rfb8 19. Rb1 f5 20. Kh1 Ng6 21. g3 Rf8 22. Ng2 Rab8 23. Rf2 Ne7 24. b3 Rf6 25. Kg1 Rh6 26. Nf1 Qc8 27. Bd2 Rf6 28. Qc1 Ng6 29. Bg5 Rf7 30. h4 h5 31. Qd2 Qc7 32. Ne1 f4 33. Nc2 Rbf8 34. Kh2 Ne7 35. Bxe7 Bxe7 36. Ne1 Qd8 37. Qc1 a5 38. Ng2 fxg3+ 39. Nxg3 g6 0-1

[Event "Foz do Iguacu op 2nd"]
[Site "Foz do Iguacu"]
[Date "2014.12.13"]
[Round "3"]
[White "Farhat, Hassan Abdallah"]
[Black "Scardini, Leonardo"]
[Result "0-1"]
[WhiteElo "1722"]
[BlackElo "1496"]
[PlyCount "92"]
[EventDate "2014.12.12"]
[EventType "swiss"]
[EventRounds "6"]
[EventCountry "BRA"]
[SourceTitle "EXT 2016"]
[Source "ChessBase"]
[SourceDate "2015.10.08"]
[SourceVersion "1"]
[SourceVersionDate "2015.10.08"]
[SourceQuality "1"]

1. d4 d5 2. c4 c6 3. Nc3 Nf6 4. Bg5 e6 5. e3 Be7 6. Rc1 0-0 7. Bd3 Nbd7 8. Nf3 dxc4 9. Bxc4 b5 10. Bd3 Bb7 11. Nd2 a6 12. Qf3 Rb8 13. Qg3 Re8 14. Bh6 Bf8 15. Bg5 c5 16. Qh3 Qb6 17. Nde4 Nxe4 18. Bxe4 Bxe4 19. Nxe4 cxd4 20. Qg3 f6 21. Nxf6+ Nxf6 22. Bxf6 Qa5+ 23. Ke2 Rb7 24. Rc2 b4 25. Rhc1 e5 26. Rc8 Qb5+ 27. Ke1 Rf7 28. Rxe8 Qxe8 29. Bxe5 dxe3 30. fxe3 Re7 31. Rc5 Qa4 32. Bf6 Rf7 33. Qg5 Rxf6 34. e4 Bxc5 35. Qxc5 Qb5 36. Qd4 Qf1+ 37. Kd2 Qf2+ 38. Kd3 Qxd4+ 39. Kxd4 Rf2 40. Kd5 Kf7 41. e5 Ke7 42. h4 Rxg2 43. Kc5 Rxb2 44. Kc4 a5 45. a4 bxa3 46. Kd5 a2 0-1